Statistics for Pokémon Gigantamax

Click here to take the quiz!

General Stats

  • This quiz has been taken 17 times
  • The average score is 28 of 33

Answer Stats

IntroducedAnswer% Correct
Sword & ShieldCharizard
100%
Sword & ShieldGengar
100%
Sword & ShieldMeowth
100%
Sword & ShieldSnorlax
100%
Isle of ArmorBlastoise
92%
Sword & ShieldButterfree
92%
Isle of ArmorCinderace
92%
Sword & ShieldEevee
92%
Sword & ShieldGrimmsnarl
92%
Isle of ArmorInteleon
92%
Sword & ShieldLapras
92%
Sword & ShieldPikachu
92%
Isle of ArmorRillaboom
92%
Isle of ArmorUrshifu (Rapid Strike Style)
92%
Isle of ArmorUrshifu (Single Strike Style)
92%
Isle of ArmorVenusaur
92%
Sword & ShieldCoalossal
83%
Sword & ShieldCorviknight
83%
Sword & ShieldDrednaw
83%
Sword & ShieldDuraludon
83%
Sword & ShieldMachamp
83%
Sword & ShieldAlcremie
75%
Sword & ShieldAppletun
75%
Sword & ShieldFlapple
75%
Sword & ShieldHatterene
75%
Sword & ShieldKingler
75%
Sword & ShieldMelmetal
75%
Sword & ShieldSandaconda
75%
Sword & ShieldToxtricity
75%
Sword & ShieldCentiskorch
67%
Sword & ShieldGarbodor
67%
Sword & ShieldOrbeetle
67%
Sword & ShieldCopperajah
58%

Score Distribution

Percentile by Number Answered

Percent of People with Each Score

Your Score History

You have not taken this quiz